Historia 2 : la edad moderna y el surgimiento de la nación argentina /

Guardado en:
Autor Principal: Miretzky, María L. N. de
Formato: Libro
Publicado: Buenos Aires : Kapelusz, 1982
Materias:
Etiquetas: Agregar Etiqueta
Sin Etiquetas, Sea el primero en etiquetar este registro!
LEADER 02480nam a22003855a 4500
001 CEM.cems004435
005 20061018074845.0
008 130507s1982##################000#0#####d
003 CEMS
082 0 4 |a 940.2 
100 1 |a Miretzky, María L. N. de 
245 1 0 |a Historia 2 :  |b la edad moderna y el surgimiento de la nación argentina /  |c María L. N. De 
260 |a Buenos Aires :  |b Kapelusz,  |c 1982 
300 |a 420 p. 
505 0 |a El surgimiento del nuevo mundo -- La época del predominio español y la conquista de América -- El final de la hegemonía española -- El siglo XVIII europeo -- España y América en el siglo XVIII --La Europa de la revolución y el imperio -- Las invasiones inglesas -- La Revolución de mayo -- Problemas políticos y obra administrativa de la revolución de mayo -- La época de la restauración -- La guerra por la independencia -- Los comienzos de la soberanía argentina -- La crisis de 1820 -- Gobierno de Martín Rodríguez -- El Congreso de 1824 y la guerra con el Brasil -- La época de Rosas 
653 |a Historia 
653 |a Historia moderna 
653 |a Hisoria argentina 
653 |a Historia de américa 
859 |a CEMS  |b BIB. CEMS - 11 de abril  |h 940.2  |i M676  |p 11812.83  |t Ej.1  |v II  |3 II 
859 |a CEMS  |b BIB. CEMS - 11 de abril  |h 940.2  |i M676  |p 11813.83  |t Ej.3  |v II  |3 II 
859 |a CEMS  |b BIB. CEMS - 11 de abril  |h 940.2  |i M676  |p 11814.83  |t Ej.4  |v II  |3 II 
859 |a CEMS  |b BIB. CEMS - 11 de abril  |h 940.2  |i M676  |p 11815.83  |t Ej.5  |v II  |3 II 
859 |a CEMS  |b BIB. CEMS - 11 de abril  |h 940.2  |i M676  |p 12477.83  |t Ej.6  |v II  |3 II 
859 |a CEMS  |b BIB. CEMS - 11 de abril  |h 940.2  |i M676  |p 12478.83  |t Ej.7  |v II  |3 II 
859 |a CEMS  |b BIB. CEMS - 11 de abril  |h 940.2  |i M676  |p 12479.83  |t Ej.8  |v II  |3 II 
859 |a CEMS  |b BIB. CEMS - 11 de abril  |h 940.2  |i M676  |p 12480.83  |t Ej.9  |v II  |3 II 
859 |a CEMS  |b BIB. CEMS - 11 de abril  |h 940.2  |i M676  |p 12481.83  |t Ej.10  |v II  |3 II 
859 |a CEMS  |b BIB. CEMS - 11 de abril  |h 940.2  |i M676  |p 13165.84  |t Ej.11  |v II  |3 II 
859 |a CEMS  |b BIB. CEMS - 11 de abril  |h 940.2  |i M676  |p 14032.86  |t Ej.12  |v II  |3 II 
859 |a CEMS  |b BIB. CEMS - 11 de abril  |h 940.2  |i M676  |p 14033.86  |t Ej.13  |v II  |3 II 
859 |a CEMS  |b BIB. CEMS - 11 de abril  |h 940.2  |i M676  |p 14034.86  |t Ej.14  |v II  |3 II 
859 |a CEMS  |b BIB. CEMS - 11 de abril  |h 940.2  |i M676  |p 14035.86  |t Ej.15  |v II  |3 II 
859 |a CEMS  |b BIB. CEMS - 11 de abril  |h 940.2  |i M676  |p 14036.86  |t Ej.16  |v II  |3 II 
859 |a CEMS  |b BIB. CEMS - 11 de abril  |h 940.2  |i M676  |p 16457.91  |t Ej.17  |v II  |3 II